Statistics for Top 10 Leicester PL scorers

Click here to take the quiz!

General Stats

  • This quiz has been taken 40 times
  • The average score is 4 of 10

Answer Stats

HintAnswer% Correct
41Vardy
97%
26Mahrez
84%
33Heskey
63%
18Ulloa
38%
33Izzet
28%
27Cottee
19%
22Elliott
16%
18Marshall
9%
15Dickov
6%
12Claridge
3%

Score Distribution

Percentile by Number Answered

Percent of People with Each Score

Your Score History

You have not taken this quiz